MARC

LEADER 00000nam0a2200000 4500
001 66186
005 20231031071306.0
035 |a (RuTPU)RU\TPU\book\70287 
090 |a 66186 
100 |a 20040723d1958 m y0rusy50 ca 
101 1 |a rus  |c eng 
102 |a RU 
105 |a y z 000zy 
200 1 |a Борьба за господство в Европе 1848-1918  |e пер. с англ.  |f А. Д. П. Тэйлор 
210 |a Москва  |c Иностранная литература  |d 1958 
215 |a 644 с. 
610 1 |a история 
610 1 |a Европа 
610 1 |a 19 век 
610 1 |a международные отношения 
610 1 |a дипломатия 
610 1 |a 20 век 
686 |a Т3(4)5  |v LBC/SL-A  |2 rubbk 
700 1 |a Тэйлор  |b А. Д. П.  |g Алан Джон Персиваль 
801 1 |a RU  |b 63413507  |c 20040723  |g PSBO 
801 2 |a RU  |b 63413507  |c 20130429  |g PSBO 
942 |c BK